|
|
|
|
| LEADER |
00000nam0a2200000 4500 |
| 001 |
299081 |
| 005 |
20231102001152.0 |
| 020 |
|
|
|a RU
|b 82-56188
|
| 035 |
|
|
|a (RuTPU)RU\TPU\book\324233
|
| 090 |
|
|
|a 299081
|
| 100 |
|
|
|a 20150624d1982 m y0rusy5003 ca
|
| 101 |
0 |
|
|a rus
|
| 102 |
|
|
|a RU
|
| 105 |
|
|
|a a z 000zy
|
| 200 |
1 |
|
|a Под государственным флагом
|f сост. М. Д. Карпович, П. А. Ларионов
|
| 210 |
|
|
|a Москва
|c Политиздат
|d 1982
|
| 215 |
|
|
|a 455 с.
|c ил.
|
| 300 |
|
|
|a Авт. указаны на 5-й с.
|
| 606 |
1 |
|
|a Советы народных депутатов
|x Право
|2 stltpush
|3 (RuTPU)RU\TPU\subj\55436
|9 73470
|
| 610 |
1 |
|
|a история
|
| 610 |
1 |
|
|a теория
|
| 610 |
1 |
|
|a СССР
|
| 610 |
1 |
|
|a 20 век
|
| 610 |
1 |
|
|a хозяйственное управление
|
| 610 |
1 |
|
|a политическое управление
|
| 610 |
1 |
|
|a органы государственной власти
|
| 610 |
1 |
|
|a публицистика
|
| 686 |
|
|
|a Х620.6
|2 rubbk
|
| 702 |
|
1 |
|a Карпович
|b М. Д.
|4 220
|
| 702 |
|
1 |
|a Ларионов
|b П. А.
|4 220
|
| 801 |
|
0 |
|a RU
|b RuMRKP
|c 19950704
|g psbo
|
| 801 |
|
1 |
|a RU
|b 63413507
|c 20150624
|
| 801 |
|
2 |
|a RU
|b 63413507
|c 20180613
|g RCR
|
| 942 |
|
|
|c BK
|